000 00416nam a22001457a 4500
003 OSt
005 20230523104044.0
008 211123b ||||| |||| 00| 0 eng d
040 _cAIMIT LIBRARY
100 _aMiranda, Nitya Bastanv; S, Ruban.
_d191907
_910753
245 _aHospital Management System.
260 _aDesign Webtech, Bangalore.
_bRuban S.
_c2021
856 _uwww.designwebtech.com
942 _2ddc
_cPRO
999 _c220716
_d220716